Amar hasta el fin : el misterio de la eucaristía contemplado en la Biblia : puntos de reflexión /

Gardado en:
Detalles Bibliográficos
Autor Principal: Torres Arpi, M.E (autor)
Formato: Libro
Idioma:Lingua castelá
Publicado: México : Misioneras Eucarísticas de la Santísima Trinidad, 1984, c1984
Etiquetas: Engadir etiqueta
Sen Etiquetas, Sexa o primeiro en etiquetar este rexistro!

MARC

LEADER 00000nam^a2200000^a^4500
001 000578373
005 20250521000000.0
009 20260310132508.131
037 |a Acervo Xavier Clavigero 
041 |a ESP 
091 |a FIP. 01152 
100 |a Torres Arpi, M.E.  |e (autor) 
245 1 0 |a Amar hasta el fin :  |b el misterio de la eucaristía contemplado en la Biblia : puntos de reflexión / 
264 4 |a México :  |b Misioneras Eucarísticas de la Santísima Trinidad,  |c 1984, c1984 
300 |a 42 p. 
336 |a texto  |b txt  |2 rdacontenido 
337 |a sin mediación  |b n  |2 rdamedio 
338 |a volumen  |b nc  |2 rdasoporte 
649 |a XX 
910 |a Fondo Manuel Ignacio Pérez Alonso S.J. 
920 |a Impresos - Libros 
930 |a Fondos Especiales 
905 |a 140 
901 |a 0500403944  |b IT2  |c ESP  |i D  |u 20250521 
902 |a https://opac.biblio.iteso.mx/vufind/Record/000578373